| 000 | 00394nam a2200157Ia 4500 | ||
|---|---|---|---|
| 005 | 20250528021755.0 | ||
| 008 | 240331s9999 xx 000 0 und d | ||
| 020 | _a9559632000 | ||
| 082 |
_a302.234 _bDES |
||
| 100 | _aDe Silva,C | ||
| 245 | 0 | _aCinama viyaranaviyawaharaya | |
| 260 |
_aKattubetha _blekhana publishers _c1997 |
||
| 300 | _a138 p ., | ||
| 650 | _aCinematic etiquette | ||
| 942 | _cL | ||
| 999 |
_c1189 _d1189 |
||